| 000 | 01122nas a2200361 4500 | ||
|---|---|---|---|
| 001 | BR0604522 | ||
| 003 | BR-BrBNA | ||
| 005 | 20231205110430.0 | ||
| 007 | ta | ||
| 008 | 230509b bl.|||p| |||| 00| 00por d | ||
| 040 |
_aBR-BrBNA _bpor _cBiblioteca Nacional de Agricultura |
||
| 041 | _a(Pt) | ||
| 072 | _aL02; L51 | ||
| 100 | 1 | _aChizzotti, M.L. | |
| 100 | 1 | _aValadares Filho, S. de C. | |
| 100 | 1 | _aValadares, R.F.D. | |
| 100 | 1 | _aChizzotti, F.H.M. | |
| 100 | 1 | _aCampos, J.M. de S. | |
| 100 | 1 | _aMarcondes, M.I. | |
| 100 | 1 | _aFonseca, M.A. | |
| 245 | 1 | _aConsumo, digestibilidade e excreção de uréia e derivados de purinas em novilhas de diferentes pesos | |
| 650 | _aNOVILHO LEITEIRO | ||
| 650 | _aGADO HOLANDÊS | ||
| 650 | _aDIGESTIBILIDADE | ||
| 650 | _aURÉIA | ||
| 650 | _aPROTEÍNA MICROBIANA | ||
| 650 | _aCONSUMO | ||
| 650 | _aREGRESSÃO LINEAR | ||
| 650 | _aBIOQUÍMICA ANIMAL | ||
| 773 | 0 |
_tRevista Brasileira de Zootecnia (Brazil) _xISSN 1516-3598 _g(Jul-Aug 2006), v. 35(4)Suplemento p. 1813-1821 _wBR0604522 |
|
| 909 |
_a202311 _bLúcia _c55 _dLúcia Elande |
||
| 942 |
_2AGRIS _n0 _cANA |
||
| 999 |
_c187366 _d187366 |
||